000 00734nam a2200205 i 4500
001 98167
003 ES-MaACL
005 20230906182228.0
007 t|
008 050726s1949 fr ||||1| fre d
100 1 _aMarrou, Henri Irénée.
_977091
245 1 0 _aSaint Augustin et le fin de la culture antique /
_cpar Henri Irénée Marrou.
260 _aParis :
_bE. de Boccard,
_c1949.
300 _aXV, 620 p. ;
_c25 cm.
490 1 _aBibliothèque des Ecoles Françaises d'Athènes et de Rome
600 0 4 _aAgustín
_cSanto, Obispo de Hipona-
_xCrítica e interpretación.
_918918
830 0 _aBibliothèque des Ecoles Françaises d'Athènes et de Rome
_9182019
852 _aES-MaACL
_jD-6881
_bR.30133
999 _c98167
_d98167